Introduction to organic chemistry /

Bibliographic Details
Main Author: Condon, Francis E.
Other Authors: Meislich, Herbert
Format: Book
Language:English
Published: New York : Holt, Rinehart and Winston, [1960]
Subjects:

MARC

Tag First Indicator Second Indicator Subfields
LEADER 00000cam a2200000 4500
001 in00000052565
005 20151007072131.0
008 730118s1960 nyua 00010 eng u
010 |a  60011235  
035 |a (OCoLC)00542566 
035 |9 AAE7297AM 
040 |c WSU  |d TXA  |d UtOrBLW 
049 |a TXAM  |c [322927] 
050 0 |a QD251  |b .C68 
092 |a 547  |b C746i, 1960 
100 1 |a Condon, Francis E. 
245 1 0 |a Introduction to organic chemistry /  |c by F. E. Condon [and] Herbert Meislich. 
264 1 |a New York :  |b Holt, Rinehart and Winston,  |c [1960] 
300 |a 841 pages :  |b illustrations ;  |c 25 cm. 
336 |a text  |b txt  |2 rdacontent 
337 |a unmediated  |b n  |2 rdamedia 
338 |a volume  |b nc  |2 rdacarrier 
650 0 |a Chemistry, Organic. 
700 1 |a Meislich, Herbert. 
999 |a MARS 
999 f f |s f27bfead-c6c6-366f-9bfc-e9aa93f15c63  |i 4be76525-4763-340c-b7a3-d75e1a9359e4  |t 0 
952 f f |p normal  |a Texas A&M University  |b College Station  |c Sterling C. Evans Library  |d Evans: Library Stacks  |t 0  |e QD251 .C68  |h Library of Congress classification  |i unmediated -- volume  |m A14800942592 
998 f f |a QD251 .C68  |t 0  |l Evans: Library Stacks